000 00607nam a2200205Ia 4500
003 GCL
008 140319s9999 xx 000 0 ara d
040 _aGCL /
_cGCL
082 0 4 _a720.92
_bن ع
100 1 _aنبيل فرج
245 1 0 _aالعمارة الانسانية للمهندس حسن فتحى /
_cنبيل فرج
300 _a71 ص
490 _aالهيئة العامة للاستعلامات
_v0
650 0 4 _aالعمارة المصرية
650 0 4 _aمواد البناء
650 0 4 _aحسن فتحى
650 0 4 _aالمشربيات
650 0 4 _aالقرى
942 _2ddc
_cBK
999 _c47017
_d47017